Statistiques concernant Pays les plus proches de l'Australie

Cliquez ici pour prendre le quiz!

Statistiques générales

  • Ce quiz a été pris 94 fois
  • Le résultat moyen est 16 sur 20

Statistiques - réponses

kmpays% Correct
123Indonésie
99%
1303Nouvelle-Zélande
98%
2250Malaisie
91%
4Papouasie-Nouvelle-
Guinée
91%
1920Philippines
88%
1744Vanuatu
85%
2591Fidji
84%
3391Thaïlande
84%
3413Viêt Nam
82%
3266Îles Marshall
81%
3228Tonga
81%
3199Tuvalu
81%
2798Singapour
80%
1778Micronésie
79%
1391Salomon
79%
2863Nauru
76%
3086Kiribati
75%
1995Palaos
73%
461Timor oriental
73%
2402Brunei
65%

Distribution des résultats

Percentile par nombre de réponses

% des personnes avec chaque résultat

Votre développement - résultats

Vous n’avez pas pris ce quiz